1785 1786 1680 1129 1095 1504 1888 1070 1462 1374 1385 1923 1358 1464 1045 1942 1478 1169 1948 1147 1092 1818 1550 1143 1380 1292 1781 1255 1186 1797 1963 1062 1466 1597 1530 1455 1396 1603 1161 1959 1263 1307 1465 1183 1280 1883 1718 1683 1176 1597 1024 1328 1325 1366 1678 1028 1575 1986 1898 1690 1149 1421 1517 1050 1384 1398 1700 1829 1659 1513 1520 1278 1878 1134 1433 1953 1396 1449 1478 1606 1147 1270 1731 1874 1294 1727 1928 1910 1269 1580 1868 1285 1907 1176 1234 1246 1787 1229 1615 BCNSPRNW ULIB Ver.6.0+V

เปลี่ยนเป็นภาษาไทย

Change to English
 แสดงรายละเอียดบรรณานุกรม
  กลับหน้าหลัก

Brief Record : Get Marc (ISO 2709) : E-mail record : QR code < ปิดหน้าต่าง
LEADER : 00000nam 2200000uu 4500
001    13399112233
003     ULIB
008    110801s2546||||th 000 0 tha d
020    9749166043
020    9789749166048
040    brv
050  4 HD4912.T5^bธ13ก 2546
100 0  ธงชัย สันติวงษ์
245 10 การบริหารค่าตอบแทน =^bCompensation Management /^cธงชัย สันติวงษ์
246 31 Compensation Management
250    พิมพ์ครั้งที่ 6
260    กรุงเทพฯ :^bบริษัท ประชุมช่าง จำกัด,^c2546
300    336 หน้า :^bภาพประกอบ ;^c24 ซม.
650  4 การบริหารค่าตอบแทน
650  4 ค่าจ้าง
945    ^p280^l0^i016947
945    ^p280^l0^i016948
995    ทศพร
999 ^a ทศพร
รายการนี้ยังไม่มีแท็ก
คุณยังไม่ได้ล็อกอิน คุณสามารถมีกิจกรรมร่วมกับเว็บไซต์ได้ แต่ต้องล็อกอินก่อน ::
  ล็อกอิน

รายการสื่อสารสนเทศ

ลำดับที่ ประเภท เลขเรียก/บาร์โค้ด สถานที่ สถานะ
- ไม่พบข้อมูล -

รายการใกล้เคียง
    ผู้แต่ง [ธงชัย สันติวงษ์]

    หัวเรื่อง [การบริหารค่าตอบแทน]
    หัวเรื่อง [ค่าจ้าง]

BibComment


ยังไม่เคยถูกคอมเมนท์

คอมเมนท์ทรัพยากรรายการนี้
  คอมเมนท์: การบริหารค่าตอบแท..


 Copyright 2026. Bcnsprnw @Library